ऑन लाइन रोमांस / (Record no. 44527)
[ view plain ]
| 000 -LEADER | |
|---|---|
| fixed length control field | 03502nam a22004217a 4500 |
| 005 - DATE AND TIME OF LATEST TRANSACTION | |
| control field | 20100906104624.0 |
| 008 - FIXED-LENGTH DATA ELEMENTS--GENERAL INFORMATION | |
| fixed length control field | 100906t xxu||||| |||| 00| 0 hin d |
| 010 ## - LCCN (DPL NO) | |
| LC control number | HIN-90396 B-437775-784 |
| 020 ## - INTERNATIONAL STANDARD BOOK NUMBER | |
| International Standard Book Number | 9788188457670 |
| Terms of availability | 300.00 |
| 035 ## - SYSTEM CONTROL NUMBER | |
| System control number | HN-62742 B-437775-784 |
| 037 ## - SOURCE OF ACQUISITION | |
| Source of stock number/acquisition | DBAD/PUN |
| 037 ## - SOURCE OF ACQUISITION | |
| Source of stock number/acquisition | Allied Pub/Ven |
| 040 ## - CATALOGING SOURCE | |
| Original cataloging agency | DPL |
| Language of cataloging | HN |
| 082 ## - DEWEY DECIMAL CLASSIFICATION NUMBER | |
| Classification number | क |
| 100 ## - MAIN ENTRY--PERSONAL NAME | |
| 9 (RLIN) | 18464 |
| Personal name | मुनीन्द्र, सुषमा |
| 245 ## - TITLE STATEMENT | |
| Title | ऑन लाइन रोमांस / |
| Statement of responsibility, etc | सुषमा मुनीन्द्र |
| 246 ## - VARYING FORM OF TITLE | |
| Title proper/short title | On line romance |
| Remainder of title | by Sushma Munindra |
| 260 ## - PUBLICATION, DISTRIBUTION, ETC. (IMPRINT) | |
| Place of publication, distribution, etc | नई दिल्ली |
| Name of publisher, distributor, etc | कल्याणी शिक्षा परिषद |
| Date of publication, distribution, etc | 2010 |
| 270 ## - ADDRESS | |
| Address | 3320-21, जटवाड़ा, दरियागंज |
| City | नई दिल्ली |
| Postal code | 110002 |
| 300 ## - PHYSICAL DESCRIPTION | |
| Extent | 256पृ. |
| Dimensions | 22सेमी (सजिल्द) |
| 650 ## - SUBJECT ADDED ENTRY--TOPICAL TERM | |
| 9 (RLIN) | 1169 |
| Topical term or geographic name as entry element | लघु कथाएं, हिन्दी |
| 650 ## - SUBJECT ADDED ENTRY--TOPICAL TERM | |
| 9 (RLIN) | 18465 |
| 700 ## - ADDED ENTRY--PERSONAL NAME | |
| 9 (RLIN) | 18865 |
| 700 ## - ADDED ENTRY--PERSONAL NAME | |
| 9 (RLIN) | 18866 |
| 942 ## - ADDED ENTRY ELEMENTS (KOHA) | |
| Source of classification or shelving scheme | Dewey Decimal Classification |
| Item type | Hindi Books |
| Classification part | क |
| Call number suffix | मुनीन्द्र |
| Withdrawn status | Lost status | Source of classification or shelving scheme | Damaged status | Not for loan | Collection code | Home library | Current library | Date acquired | Source of acquisition | Cost, normal purchase price | Total Checkouts | Full call number | Barcode | Date last seen | Copy number | Cost, replacement price | Koha item type | Total Renewals | Checked out |
|---|---|---|---|---|---|---|---|---|---|---|---|---|---|---|---|---|---|---|---|
| Dewey Decimal Classification | Fiction | Bawana | Bawana | 29/06/2011 | Allied Pub/2970/30.3.11/84/24.3.11/31.3.11 | 300.00 | क मुनीन्द्र | B-437783 | 29/06/2011 | 1 | 300.00 | Hindi Books | |||||||
| Dewey Decimal Classification | Fiction | Central Library | Central Library | 29/06/2011 | Allied Pub/2970/30.3.11/84/24.3.11/31.3.11 | 300.00 | 3 | क मुनीन्द्र | B-437775 | 16/12/2024 | 1 | 300.00 | Hindi Books | 2 | |||||
| Dewey Decimal Classification | Not For Loan | Fiction | D.B.Act.Division | D.B.Act.Division | 08/09/2010 | DBAD / PUB | 300.00 | क मुनीन्द्र | HN-62742 | 08/09/2010 | 1 | 300.00 | Hindi Books | ||||||
| Dewey Decimal Classification | Fiction | Janak Puri | Janak Puri | 29/06/2011 | Allied Pub/2970/30.3.11/84/24.3.11/31.3.11 | 300.00 | 16 | क मुनीन्द्र | B-437778 | 15/03/2017 | 1 | 300.00 | Hindi Books | ||||||
| Dewey Decimal Classification | Fiction | Karol Bagh | Karol Bagh | 29/06/2011 | Allied Pub/2970/30.3.11/84/24.3.11/31.3.11 | 300.00 | क मुनीन्द्र | B-437781 | 29/06/2011 | 1 | 300.00 | Hindi Books | |||||||
| Dewey Decimal Classification | Fiction | Narela | Narela | 29/06/2011 | Allied Pub/2970/30.3.11/84/24.3.11/31.3.11 | 300.00 | क मुनीन्द्र | B-437782 | 29/06/2011 | 1 | 300.00 | Hindi Books | |||||||
| Dewey Decimal Classification | Fiction | Patel Nagar | Patel Nagar | 29/06/2011 | Allied Pub/2970/30.3.11/84/24.3.11/31.3.11 | 300.00 | 1 | क मुनीन्द्र | B-437776 | 06/03/2020 | 1 | 300.00 | Hindi Books | 20/03/2020 | |||||
| Written-off vide DLB M. No. 383 dt 16.05.19 | Dewey Decimal Classification | Fiction | Sarojini Nagar | Sarojini Nagar | 29/06/2011 | Allied Pub/2970/30.3.11/84/24.3.11/31.3.11 | 300.00 | क मुनीन्द्र | B-437779 | 29/06/2011 | 1 | 300.00 | Hindi Books | ||||||
| Dewey Decimal Classification | Fiction | Shahdara Branch | Shahdara Branch | 29/06/2011 | Allied Pub/2970/30.3.11/84/24.3.11/31.3.11 | 300.00 | 2 | क मुनीन्द्र | B-437784 | 21/01/2025 | 1 | 300.00 | Hindi Books | 1 | |||||
| Dewey Decimal Classification | Fiction | Tri Nagar | Tri Nagar | 29/06/2011 | Allied Pub/2970/30.3.11/84/24.3.11/31.3.11 | 300.00 | 1 | क मुनीन्द्र | B-437777 | 18/04/2024 | 1 | 300.00 | Hindi Books | 2 | |||||
| Dewey Decimal Classification | Fiction | Vinoba Puri | Vinoba Puri | 29/06/2011 | Allied Pub/2970/30.3.11/84/24.3.11/31.3.11 | 300.00 | 6 | क मुनीन्द्र | B-437780 | 27/04/2018 | 1 | 300.00 | Hindi Books |
